1473 1832 1801 1448 1787 1945 1158 1793 1271 1521 1432 1953 1887 1565 1029 1395 1595 1749 1419 1631 1066 1013 1483 1660 1469 1643 1634 1891 1386 1213 1542 1918 1835 1531 1864 1458 1737 1154 1277 1975 1995 1648 1213 1149 1995 1013 1970 1673 1598 1056 1366 1391 1987 1323 1361 1010 1915 1985 1196 1727 1496 1727 1672 1269 1603 1731 1842 1071 1669 1093 1692 1385 1762 1734 1503 1148 1201 1465 1274 1142 1061 1846 1996 1732 1312 1693 1929 1609 1448 1648 1804 1950 1672 1878 1149 1824 1893 1113 1587 BCNSPRNW ULIB Ver.6.0+V

เปลี่ยนเป็นภาษาไทย

Change to English
 แสดงรายละเอียดบรรณานุกรม
  กลับหน้าหลัก

Brief Record : Get Marc (ISO 2709) : E-mail record : QR code < ปิดหน้าต่าง
LEADER : 00000nam 2200000uu 4500
001    13399127460
003     ULIB
008    200529s2019||||th 000 0 tha d
020    ^a9781138506275
060    ^aWS350.2^bD747A
100    ^aDowling Deirdre
245  3 ^aAn Independent Practitioner s Introduction to Child and Adolescent Psychotherapy
250    ^a1st ed
260    ^aNew York :^bRoutledge,^c2019
300    ^a188 pages;^b21 cm
650    ^aPsychotherapy-methods
650    ^aChild
650    ^aAdolescent
945    ^p0^l0^i28361
945    ^p0^l0^i28362
999    ^aกัณชพร จุลอักษร
รายการนี้ยังไม่มีแท็ก
คุณยังไม่ได้ล็อกอิน คุณสามารถมีกิจกรรมร่วมกับเว็บไซต์ได้ แต่ต้องล็อกอินก่อน ::
  ล็อกอิน

รายการสื่อสารสนเทศ

ลำดับที่ ประเภท เลขเรียก/บาร์โค้ด สถานที่ สถานะ
1. หนังสือสำรอง
หนังสือสำรอง
WS350.2 D747A ฉ.1 
  Barcode: 28361
ห้องสมุดวิทยาเขตนครสวรรค์
►หนังสือทั่วไป:l:General Books
บนชั้น
2. วิทยาศาสตร์การแพทย์ และสุขภาพ
วิทยาศาสตร์การแพทย์ และสุขภาพ
WS350.2 D747A ฉ.2 
  Barcode: 28362
ห้องสมุดวิทยาเขตนครสวรรค์
►หนังสือทั่วไป:l:General Books
บนชั้น

รายการใกล้เคียง
    ผู้แต่ง [Dowling Deirdre]

    หัวเรื่อง [Psychotherapy-methods]
    หัวเรื่อง [Child]
    หัวเรื่อง [Adolescent]

BibComment


ยังไม่เคยถูกคอมเมนท์

คอมเมนท์ทรัพยากรรายการนี้
  คอมเมนท์: An Independent P..


 Copyright 2026. Bcnsprnw @Library